Φλυαρία και λακωνικότητα στους τίτλους των βιβλίων για παιδιά : ιστορικές διαδρομές στην παιδική λογοτεχνία μέσα από την ανάγνωση των τίτλων της

Saved in:
Bibliographic Details
Main Author: Γαβριηλίδου, Σοφία
Format: Book
Language:Greek
Published: Θεσσαλονίκη : Ζυγός, 2013.
Subjects:
Tags: Add Tag
No Tags, Be the first to tag this record!

MARC

LEADER 00000cam a2200000 a 4500
001 1/116534
008 180516s2013####gr | ||| |||| ||gre||
020 |a 9789608065963  
040 |a GR-MyUa  |b gre  |c GR-MyUa  |e AACR2 
041 0 |a gre 
082 7 |a 809.89282   |2 (23) 
100 1 |a Γαβριηλίδου, Σοφία. 
245 1 0 |a Φλυαρία και λακωνικότητα στους τίτλους των βιβλίων για παιδιά :   |b ιστορικές διαδρομές στην παιδική λογοτεχνία μέσα από την ανάγνωση των τίτλων της /   |c Σοφία Γαβριηλίδου.  
260 |a Θεσσαλονίκη :   |b Ζυγός,   |c 2013.  
300 |a 359 σ. :   |c 21 εκ.  
500 |a Περιέχει υποσημειώσεις.  
504 |a Βιβλιογραφία: [323] - 359.  
504 |a Περιλαμβάνει βιβλιογραφικές παραπομπές.  
650 0 |a Children's literature  |x Study and teaching. 
650 0 |a Children's literature. 
650 0 |a Children's literature  |x History and criticism. 
852 |a INST  |b RHODES  |c EUDOXUS  |e 20180516  |h 809.89282 ΓΑΒ  |p 005400040016  |q 005400040016  |t EDX  |y 0 
852 |a INST  |b RHODES  |c EUDOXUS  |e 20210128  |h 809.89282 ΓΑΒ  |p 005400041886  |q 005400041886  |t EDX  |y 0 
920 |a Εύδοξος  |b Παραγγελία  |y Ρόδος-ΤΕΠΑΕΣ  |z 2021-01 
920 |a Εύδοξος  |b Παραγγελία  |y Ρόδος-ΠΤΔΕ  |z 2018-04 
970 |z 16-05-2018